The Weeknd: My Dear Melancholy Trivia - Statistics

General Stats
  • This quiz has been taken 51 times
  • The average score is 6 of 7
Answer Stats
Hint Answer % Correct
Most streamed song on album Call Out My Name
100%
Number of tracks Six
98%
Final song on album Privilege
91%
"I helped you out of a broken ___" Place
84%
"I ain't got no business catchin' ___" Feelings
79%
"Once you put your ___ aside" Pride
74%
Artist featured on Hurt You and I Was Never There Gesaffelstein
70%
No matching quizzes found
Score Distribution
Percent of People with Each Score
Percentile by Number Answered
Your Score History
You have not taken this quiz